00940nam a2200217 a 4500003000200000005001700002008004100019050003100060100002600091245008600117260009300203300004000296504004200336650005900378650006000437650002400497650003900521942001400560999001700574952013100591020250212091839.0120719s19uu xx 00 eng d aPGS LB 1027.23b.T136 2012 aTakahashi, Arumina E. aLevel of interest in science between Filipino and Korean /cArumina E. Takahashi. aLas Piñas City, Philippines : bSouthville International School and Colleges, c2012. a16 pages :billustrations ;c28 cm. aIncludes bibliographical references.  aSciencevStudy and teaching – Psychological aspects. aSciencevStudy and teaching – Cross-cultural studies. aStudent motivation. aInterest (Psychology) in children. 2lcccPASS c98749d98749 00102lcc40aLUXbLUXcPASSd2012-07-19eDONATIONl0oPGS LB 1027.23 .T136 2012pP2850r2014-04-08 00:00:00w2014-04-08yPASS